书目信息 |
| 题名: |
静物
|
|
| 作者: | 刘明明 编著 | |
| 分册: | ||
| 出版信息: | 重庆 西南师范大学出版社 2000.06 |
|
| 页数: | 30页 | |
| 开本: | 16开 | |
| 丛书名: | ||
| 单 册: | ||
| 中图分类: | J211.27 | |
| 科图分类: | ||
| 主题词: | 绘画--技法(美术) | |
| 电子资源: | ||
| ISBN: | 7-5621-1876-0 | |
| 000 | 00538nam0 2200193 45 | |
| 001 | 0009301846 | |
| 005 | 20000930181428.5 | |
| 010 | @a7-5621-1876-0@d12.00元 | |
| 100 | @a20000930d2000 km y0chiy0120 ea | |
| 101 | 0 | @achi |
| 105 | @a z 000yy | |
| 200 | 1 | @a静物@AJing Wu@f刘明明编著@FLiu Ming Ming Bian Zhu |
| 210 | @a重庆@c西南师范大学出版社@d2000.06 | |
| 215 | @a30页@d16开 | |
| 606 | 0 | @a绘画@x技法(美术) |
| 690 | @aJ211.27@v3 | |
| 701 | 0 | @a刘明明@4编著 |
| 801 | @aCN@bPftUser@c20000930 | |
| 905 | @b164283-292@dJ211.27@eL533@f10 | |
| 静物/刘明明编著.-重庆:西南师范大学出版社,2000.06 |
| 30页;16开 |
| ISBN 7-5621-1876-0:12.00元 |
| ● |
| 相关链接 |
|
|
|
正题名:静物
索取号:J211.27/L533
 
预约/预借
| 序号 | 登录号 | 条形码 | 馆藏地/架位号 | 状态 | 备注 |
| 1 | 164283 | 201642838 | 社科库309/ [索取号:J211.27/L533] | 在馆 | |
| 2 | 164284 | 201642847 | 社科库309/309社科库 69排3列2层/ [索取号:J211.27/L533] | 在馆 | |
| 3 | 164285 | 201642856 | 自科二线404/309社科库 69排4列6层/ [索取号:J211.27/L533] | 在馆 | |
| 4 | 164286 | 201642865 | 社科库309/309社科库 68排2列1层/ [索取号:J211.27/L533] | 在馆 | |
| 5 | 164287 | 201642874 | 自科二线404/404自科库 15排4列6层/ [索取号:J211.27/L533] | 在馆 | |
| 6 | 164288 | 201642883 | 社科库309/309社科库 68排2列1层/ [索取号:J211.27/L533] | 在馆 | |
| 7 | 164289 | 201642892 | 自科二线404/309社科库 68排2列4层/ [索取号:J211.27/L533] | 在馆 | |
| 8 | 164290 | 201642909 | 社科库309/ [索取号:J211.27/L533] | 在馆 | |
| 9 | 164291 | 201642918 | 自科二线404/404自科库 15排4列6层/ [索取号:J211.27/L533] | 在馆 | |
| 10 | 164292 | 201642927 | 社科库309/309社科库 69排3列2层/ [索取号:J211.27/L533] | 在馆 |